000 00338 a2200109 4500
001 ART_9903
005 20260410161653.0
008 260409a
245 1 0 _aLa negociación de adquisiones internacionales
100 1 _aSebenius, James K.
773 0 _tHarvard Deusto Business Review
_g- Nº 85 (jul./ago. 1998)
_wREV521
999 _c14468
_d14468